HSE recognises value of asbestos website (Record no. 67297)

MARC details
000 -LEADER
fixed length control field 00940cam a2200205 4500
001 - CONTROL NUMBER
control field WB3723-17
008 - FIXED-LENGTH DATA ELEMENTS--GENERAL INFORMATION
fixed length control field 000000n2001 000 0 eng u
035 ## - SYSTEM CONTROL NUMBER
System control number (Sirsi) u113054
245 ## - TITLE STATEMENT
Title HSE recognises value of asbestos website
260 ## - PUBLICATION, DISTRIBUTION, ETC.
Date of publication, distribution, etc. 2001
490 ## - SERIES STATEMENT
Series statement Contract Journal
Volume/sequential designation 409(6330) 6 June 2001, 2(1)
490 ## - SERIES STATEMENT
Series statement Contract Journal
Volume/sequential designation 409(6332) 20 June 2001, 7(1)
520 ## - SUMMARY, ETC.
Summary, etc. AsbestosRegister.com is near to gaining industry recognition after the Health & Safety Executive (HSE) included it in proposals for the European Agency work Programme 2002. The site is a national database listing buildings which contain asbestos. However, HSE confirms that it will never endorse a commercial asbestos register.
590 ## - LOCAL NOTE (RLIN)
Local note WB
650 ## - SUBJECT ADDED ENTRY--TOPICAL TERM
Topical term or geographic name entry element MANAGEMENT-HEALTH AND SAFETY-HAZARDOUS SUBSTANCES-ASBESTOS
650 ## - SUBJECT ADDED ENTRY--TOPICAL TERM
Topical term or geographic name entry element ASBESTOS REGISTER
650 ## - SUBJECT ADDED ENTRY--TOPICAL TERM
Topical term or geographic name entry element HEALTH AND SAFETY EXECUTIVE
690 ## - LOCAL SUBJECT ADDED ENTRY--TOPICAL TERM (OCLC, RLIN)
Topical term or geographic name as entry element HEALTH AND SAFETY
9 (RLIN) 6244
942 ## - ADDED ENTRY ELEMENTS (KOHA)
Suppress in OPAC 0
Holdings
Withdrawn status Lost status Source of classification or shelving scheme Damaged status Not for loan Home library Current library Shelving location Date acquired Total Checkouts Full call number Barcode Date last seen Copy number Price effective from Koha item type
    Dewey Decimal Classification     London London News article 12/06/2001   WB3723-17 113054-1001 06/08/2019 1 06/08/2019 News article